000 00589cab a2200229 4500
001 WB3534-08
008 090401t1999 xxu||||| |||| 00| 0 eng d
035 _a(Sirsi) u103
041 _aeng
245 _aCost of London office space
260 _c1999
350 _a0
490 _aTimes
_v30 August 1999, 22(1)
650 _aLONDON
650 _aOCCUPANCY COSTS
650 _aRATING REVALUATION
650 _aRATING REVALUATION 2000
650 _aWEATHERALL GREEN & SMITH
690 _aPROPERTY-COMMERCIAL PROPERTY-COMMERCIAL PROPERTY MARKET
942 _n0
948 _c01/09/1999
999 _c35
_d35